000 00930nam a2200301Ia 4500
999 _c54283
_d54283
001 21339
003 GE_BSU
005 20221114151006.0
008 181216s2011||||ii |||||||||||||| ||ang||
020 _a9780470699751x
040 _cGE_BSU
041 _aang
080 _a621.31 W-72
245 _aWind Energy Handbook /
_cTony Burton, Nick, Jenkins, David Sharpe, Ervin Bossanyi.
_h
250 _aSecond edition
264 _aNew Delhi :
_bWiley,
_c2011.
300 _a742 p. ;
_c25 cm.
500 _aIndex p. :729-742
541 _h282 Gel.
653 _aWind Energy Handbook
653 _aსაინჟინრო საქმე
653 _aტექნიკა
700 _aBurton,Tony
_eავტორი
_912406
700 _aJenkins,Nick.
_eავტორი
_912407
700 _aSharpe,David
_eავტორი
_912408
700 _aBossanyi, Ervin
_eავტორი
_912409
942 _cBK
_2udc